Nommez une commune Française A-Z - Statistiques

Statistiques générales
  • Ce quiz a été pris 76 fois
  • Le résultat moyen est 21 sur 26
Statistiques - réponses
Initiale # Possibles Commune % Correct
A 1 853
99%
B 3 191
97%
C 3 695
97%
D 742
97%
E 848
97%
S 5 595
96%
G 1 201
94%
L 4 272
94%
M 3 136
94%
T 1 103
94%
V 2 110
94%
F 1 148
93%
N 719
93%
P 1 794
93%
R 1 203
93%
H 668
89%
O 530
87%
I 199
83%
J 325
80%
Q 119
77%
Y 61
73%
U 120
58%
W 196
58%
K 77
46%
X 21
30%
Z 34
28%
Aucun quiz correspondant
Distribution des résultats
% des personnes avec chaque résultat
Percentile par nombre de réponses
Votre historique - résultats
Vous n’avez pas pris ce quiz